Raškovice - beskydská Ostrava : dějiny zemědělského, řemeslného a průmyslového podnikání v obci /

Hlavní autor: Palát, Jiří, 1974-
Další autoři: Veselská, Jiřina, 1943-2026, Nitra, Jiří, 1942-
Jazyk: Čeština
Vydáno: Raškovice : Obecní úřad Raškovice, 2017-2018
Raškovice : obec Raškovice
Vydání: Vydání první
Témata:
Fyzický popis: 2 svazky : ilustrace (některé barevné), mapy, portréty, plány, faksimile, genealogické tabulky ; 26 cm
Odebírané svazky: 1-2
Knihy
Uloženo v:
LEADER 03059nam a2200637 ia4500
001 nkc20172908319
003 CZ PrNK
005 20190903063936.0
007 ta
008 170713m20172018xr abcef 001 0 cze
015 |a cnb002908319 
020 |a 978-80-906348-1-7  |q (díl I ;  |q vázáno) 
020 |a 978-80-906348-9-3  |q (díl II ;  |q v knize neuvedeno ;  |q vázáno)  |z 978-80-906348-1-7 
035 |a (OCoLC)1000507128 
040 |a OLA001  |b cze  |d ABA001  |e rda 
043 |a e-xr---  |b e-xr-mo  |2 czenas 
072 7 |a 67/68  |x Řemesla. Různá odvětví průmyslu  |2 Konspekt  |9 19 
080 |a 63(091)  |2 MRF 
080 |a 67/68(091)  |2 MRF 
080 |a 338.45(091)  |2 MRF 
080 |a 658.114(091)  |2 MRF 
080 |a 94(437.326)  |2 MRF 
080 |a (048.8)  |2 MRF 
100 1 |a Palát, Jiří,  |d 1974-  |7 jo2012718406  |4 aut 
245 1 0 |a Raškovice - beskydská Ostrava :  |b dějiny zemědělského, řemeslného a průmyslového podnikání v obci /  |c Jiří Palát 
246 3 0 |a Beskydská Ostrava 
250 |a Vydání první 
264 1 |a Raškovice :  |b Obecní úřad Raškovice,  |c 2017-2018 
264 3 1 |3 2018  |a Raškovice :  |b obec Raškovice 
300 |a 2 svazky :  |b ilustrace (některé barevné), mapy, portréty, plány, faksimile, genealogické tabulky ;  |c 26 cm 
336 |a text  |b txt  |2 rdacontent 
337 |a bez média  |b n  |2 rdamedia 
338 |a svazek  |b nc  |2 rdacarrier 
500 |a Přílohy uloženy v plastové kapse na přídeští 
504 |a Obsahuje bibliografie a rejstříky 
505 0 |a Díl I. Od založení do roku 1848. 2017. 407 stran, xii stran obrazových příloh + 1 mapa (24 x 32 cm, složeno na 24 x 16 cm). 300 výtisků -- Díl II. Od roku 1849 do 2000 / Jiří Palát, Jiřina Veselská, Jiří Nitra. 2018. 455 stran, 24 nečíslovaných stran obrazových příloh + Sčítání lidu v Raškovicích - rok 1880 (5 listů, to je 10 stran, 24 x 32 cm složeno na 24 x 16 cm). 500 výtisků 
650 0 7 |a dějiny zemědělství  |7 ph488801  |z Česko  |2 czenas 
650 0 7 |a dějiny řemesel  |7 ph488970  |z Česko  |2 czenas 
650 0 7 |a dějiny průmyslu  |7 ph488969  |z Česko  |2 czenas 
650 0 7 |a dějiny podnikání  |7 ph506473  |z Česko  |2 czenas 
650 0 9 |a history of agriculture  |z Czechia  |2 eczenas 
650 0 9 |a history of handicrafts  |z Czechia  |2 eczenas 
650 0 9 |a history of industry  |z Czechia  |2 eczenas 
650 0 9 |a business history  |z Czechia  |2 eczenas 
651 7 |a Raškovice (Česko)  |7 ge392081  |x dějiny  |2 czenas 
651 9 |a Raškovice (Czechia)  |x history  |2 eczenas 
655 7 |a monografie  |7 fd132842  |2 czenas 
655 9 |a monographs  |2 eczenas 
700 1 |a Veselská, Jiřina,  |d 1943-2026  |7 jk01142108  |4 aut 
700 1 |a Nitra, Jiří,  |d 1942-  |7 mzk2010508351  |4 aut 
910 2 |a BOA001  |b 3-1389.607  |s 1-2 
990 |a BK 
995 |a 01 
991 |b 201909  |c NOV 
996 6 |b 2610713412  |c 3-1389.607  |d Díl 1  |v 1  |l MZK  |r Sklad / do 1 hodiny  |n 1  |p p.v.  |w 001619860  |u 000010  |a 1  |e BOA001  |j MZK50  |s P 
996 6 |b 2610787829  |c 3-1389.607  |d Díl II  |v 2  |l MZK  |r Sklad / do 1 hodiny  |n 0  |p p.v.  |w 001619860  |u 000020  |a 1  |e BOA001  |j MZK50  |s P